Creencias y representaciones del estudiantado en los procesos de formación de la Universidad de Costa Rica /
Wedi'i Gadw mewn:
| Prif Awdur: | |
|---|---|
| Awduron Eraill: | |
| Fformat: | Llyfr |
| Iaith: | Spanish |
| Cyhoeddwyd: |
San José, Costa Rica :
INIE,
2015
|
| Pynciau: | |
| Tagiau: |
Ychwanegu Tag
Dim Tagiau, Byddwch y cyntaf i dagio'r cofnod hwn!
|
MARC
| LEADER | 00000nam a2200000 4500 | ||
|---|---|---|---|
| 008 | 160127b´201 c ||||| |||| 00| | spa d | ||
| 090 | |a 06.03.06 |b 2280 | ||
| 100 | 1 | |9 983 |a Piedra García, Luis Ángel | |
| 245 | 1 | 0 | |a Creencias y representaciones del estudiantado en los procesos de formación de la Universidad de Costa Rica / |c Luis Ángel Piedra García, Mónica Arias Monge |
| 260 | |a San José, Costa Rica : |b INIE, |c 2015 | ||
| 300 | |a 1 volumen sin paginar | ||
| 500 | |a Informe final proyecto de investigación Nª 724-B3-318 | ||
| 650 | 1 | 4 | |9 8 |a EDUCACIÓN SUPERIOR |
| 650 | 1 | 4 | |9 920 |a DOCENCIA UNIVERSITARIA |
| 650 | 1 | 4 | |9 481 |a ESTUDIANTES UNIVERSITARIOS |
| 650 | 1 | 4 | |9 498 |a FORMACIÓN PROFESIONAL |
| 650 | 1 | 4 | |9 1343 |a CREENCIA |
| 700 | 1 | |9 919 |a Arias Monge, Mónica | |
| 942 | |i 004067 |h 06.03.06 2280 |2 z |c 04 | ||
| 999 | |c 3040 |d 3040 | ||
